000 01160nac a22004570a 4500
001 PT54381
003 AR-LpoUNG
005 20210201005532.0
008 201001s1995||||sp |||||||||||||||||spa d
020 _a8441301247
_c$28
040 _aAR-LpoUNG
_bspa
_eaacr
041 _aspa
044 _asp
082 0 _aR909 794pro-v1
100 1 _aBurchell, S. C.
245 1 3 _aLa edad del progreso :
_b1850-1910
260 _aBarcelona :
_bFolio,
_c1995.
300 _a95 p. :
_bil., mapas, gráfs., fot.
_3Impreso
490 0 _aAtlas culturales del mundo
650 4 _aANALISIS HISTORICO
650 4 _aARTE
650 4 _aATLAS
650 4 _aCIENCIA
650 4 _aCIENCIA Y TECNOLOGIA
650 4 _aCIVILIZACION
650 4 _aCOLONIALISMO
650 4 _aCULTURA
650 4 _aDESARROLLO ECONOMICO Y SOCIAL
650 4 _aEUROPA
650 4 _aFACTORES CULTURALES
650 4 _aFERROCARRILES
650 4 _aHISTORIA
650 4 _aMATERIAL DE REFERENCIA
650 4 _aPROGRESO CIENTIFICO
650 4 _aSOCIEDAD
650 4 _aTRABAJADORES
651 4 _aMundial
700 1 _aKrieger, Leonard
905 _a54381
942 _cLSALA
999 _c50108
_d50108